Every 100,000+ City in Ukraine in Order - Statistics

General Stats
  • This quiz has been taken 39 times
    10 since last reset
  • The average score is 38 of 49
Answer Stats
Letter Population City % Correct
D 1,481,358 Dnipro
100%
D 1,605,316 Donetsk
100%
K 1,651,225 Kharkiv
100%
K-R 733,906 Kryvyi Rih
100%
K 4,066,730 Kyiv
100%
L 412,939 Luhansk
100%
L 871,552 Lviv
100%
M 462,916 Mariupol
100%
M 503,191 Mykolaiv
100%
O 1,380,267 Odesa
100%
S 563,330 Sevastopol
100%
V 370,186 Vinnytsia
100%
Z 805,027 Zaporizhzhia
100%
C 280,417 Cherkasy
89%
H 347,106 Horlivka
89%
I-F 277,401 Ivano-Frankivsk
89%
K 310,673 Kherson
89%
L 244,086 Lutsk
89%
M 405,190 Makiivka
89%
P 318,859 Poltava
89%
R 260,037 Rivne
89%
S 402,616 Simferopol
89%
S 268,134 Sumy
89%
T 251,540 Ternopil
89%
B 107,995 Berdiansk
78%
B-T 217,409 Bila Tserkva
78%
B 116,340 Brovary
78%
C 304,298 Chernihiv
78%
C 272,160 Chernivtsi
78%
K 241,845 Kamianske
78%
K 293,990 Khmelnytskyi
78%
K 158,145 Kramatorsk
78%
K 238,110 Kremenchuk
78%
K 224,519 Kropyvnytskyi
78%
M 153,850 Melitopol'
78%
U 135,440 Uzhhorod
78%
Z 285,075 Zhytomyr
78%
A 137,411 Alchevs'k
67%
K 159,964 Kerch
67%
N 110,160 Nikopol'
67%
P 105,475 Pavlohrad
56%
Y 108,811 Yevpatoriya
56%
S 115,141 Slovyansk
33%
C 104,329 Chornomorsk
22%
K 105,116 Kadiivka
22%
K-P 106,081 Kam'yanets'-Podil's'kyi
22%
M 102,701 Mukachevo
22%
Y 102,051 Yenakiieve
22%
S-L 215,130 Siverskodonetsk-Lysychansk
11%
No matching quizzes found
Score Distribution
Percent of People with Each Score
Percentile by Number Answered
Your Score History
You have not taken this quiz since the last reset